000 00836nas a2200265 4500
001 BR0401272
003 BR-BrBNA
005 20231205104402.0
007 ta
008 230509b bl.|||p| |||| 00| 00por d
040 _aBR-BrBNA
_bpor
_cBiblioteca Nacional de Agricultura
041 _a(En)
072 _aF60
100 1 _aSimões-Araújo, J.L.
100 1 _aRumjanek, N.G.
100 1 _aMargis-Pinheiro, M.
245 1 _aSmall heat shock proteins genes are differentially expressed in distinct varieties of common bean
650 _aFEIJÃO
650 _aSTRESS
650 _aCONTROLE TÉRMICO
650 _aTERMORREGULAÇÃO
773 0 _tBrazilian Journal of Plant Physiology (Brazil)
_xISSN 1677-0420
_g(Jan-Apr 2003), v. 15(1) p. 33-41
_wBR0401272
909 _a202311
_bLúcia
_c55
_dLúcia Elande
942 _2AGRIS
_n0
_cANA
999 _c177886
_d177886